| 000 | 00970nam a2200241 i 4500 | ||
|---|---|---|---|
| 001 | bgj | ||
| 245 | 1 | 0 |
_aNiedersachsen literarisch : _bbio-bibliographische Daten und Texte von 65 Autoren aus Niedersachsen. _chrsg. von D. P. Meier-Lenz und Kurt Morawietz im Auftrag des Fördererkreises deutscher Schriftsteller in Niedersachsen und Bremen e. V., Hannover, mit Unterstützung des Niedersächsischen Ministeriums für Wissenschaft und Kunst ; Red. Johann P. Tammen. |
| 260 |
_aBremerhaven : _bWirtschaftsverlag, _c1978. |
||
| 300 |
_a319 s. : _bil. ; _c21 cm. |
||
| 650 | 9 | _aLiteratura niemiecka | |
| 700 | 1 | _aMEIER-LENZ, D. P. | |
| 700 | 1 | _aMORAWIETZ, Kurt. | |
| 700 | 1 | _aTAMMEN, Johann P. | |
| 710 | 1 | _aNiedersächsichen Ministeriums für Wissenschaft und Kunst. | |
| 020 | _a3883140031 | ||
| 040 | _cBPK | ||
| 041 | 0 | _ager | |
| 044 | _aDEU | ||
| 080 | _a821.112.2 | ||
| 920 | _a3-88314-003-1 | ||
| 942 | _cKS | ||
| 008 | s gw f |000 0 ger | ||
| 999 |
_c50318 _d50318 |
||
| 856 |
_uhttp://koha.tu.koszalin.pl/cgi-bin/koha/opac-detail.pl?biblionumber=50318 _yKatalog online BPK |
||